<?xml version="1.0" encoding="UTF-8"?>
<collection xmlns="http://www.loc.gov/MARC21/slim">
    <record>
        <controlfield tag="001">14263</controlfield>
        <controlfield tag="005">20150325205445.0</controlfield>
        <datafield tag="037" ind1=" " ind2=" ">
            <subfield code="a">TAZ-TFG-2014-473</subfield>
        </datafield>
        <datafield tag="041" ind1=" " ind2=" ">
            <subfield code="a">spa</subfield>
        </datafield>
        <datafield tag="100" ind1="1" ind2=" ">
            <subfield code="a">Martín Pérez, Judith</subfield>
        </datafield>
        <datafield tag="245" ind1="0" ind2="0">
            <subfield code="a">Análisis de los tiempos quirúrgicos de las intervenciones de cirugía general y digestivo</subfield>
        </datafield>
        <datafield tag="260" ind1=" " ind2=" ">
            <subfield code="a">Zaragoza</subfield>
            <subfield code="b">Universidad de Zaragoza</subfield>
            <subfield code="c">2014</subfield>
        </datafield>
        <datafield tag="506" ind1=" " ind2=" ">
            <subfield code="a">by-nc-sa</subfield>
            <subfield code="b">Creative Commons</subfield>
            <subfield code="c">3.0</subfield>
            <subfield code="u">http://creativecommons.org/licenses/by-nc-sa/3.0/</subfield>
        </datafield>
        <datafield tag="500" ind1=" " ind2=" ">
            <subfield code="a">Resumen disponible también en Ingles</subfield>
        </datafield>
        <datafield tag="520" ind1=" " ind2=" ">
            <subfield code="a">Introducción: el bloque quirúrgico constituye un elemento esencial dentro de un hospital debido al alto coste de los recursos utilizados, la cantidad de recursos humanos que moviliza y el impacto de las intervenciones que se realizan en él sobre la salud de los pacientes. Por todo ello necesita un seguimiento y una gestión adecuada.  Objetivos: análizar los tiempos quirúrgicos de las intervenciones programadas de cirugía general y digestivo, en el Hospital Obispo Polanco de Teruel y contribuir con este estudio a la mejora del rendimiento quirúrgico.  Material y métodos: se realizó un estudio descriptivo retrospectivo de la actividad quirúrgica programada de la especialidad de cirugía general y digestivo, en el periodo comprendido entre el 1 de octubre y el 31 de diciembre de 2013. Se analizó el tiempo de comienzo, tiempo de cambio, tiempo restante, rendimiento quirúrgico, así como la duración media de los procedimientos más frecuentes.  Resultados: se analizaron los tiempos quirúrgicos de 193 intervenciones. El promedio del tiempo de comienzo fue de 12,50 minutos, el tiempo de cambio 15 minutos, el tiempo restante 30 minutos y el rendimiento quirúrgico 77,57%.  Conclusiones: de acuerdo con los resultados obtenidos, los tiempos analizados se ajustan a los estándares publicados. Comenzar lo antes posible la primera intervención del día, controlar los tiempos de cambio y una correcta programación son las claves para el éxito del bloque quirúrgico.</subfield>
        </datafield>
        <datafield tag="521" ind1=" " ind2=" ">
            <subfield code="a">Graduado en Enfermería</subfield>
        </datafield>
        <datafield tag="540" ind1=" " ind2=" ">
            <subfield code="a">Derechos regulados por licencia Creative Commons</subfield>
        </datafield>
        <datafield tag="653" ind1="1" ind2=" ">
            <subfield code="a">gestión del bloque quirúrgico</subfield>
        </datafield>
        <datafield tag="653" ind1="1" ind2=" ">
            <subfield code="a">tiempos quirúrgicos</subfield>
        </datafield>
        <datafield tag="653" ind1="1" ind2=" ">
            <subfield code="a">rendimiento quirúrgico</subfield>
        </datafield>
        <datafield tag="653" ind1="1" ind2=" ">
            <subfield code="a">quirófano</subfield>
        </datafield>
        <datafield tag="700" ind1=" " ind2=" ">
            <subfield code="a">Minguillón Serrano, Antonio</subfield>
            <subfield code="e">dir.</subfield>
        </datafield>
        <datafield tag="710" ind1="2" ind2=" ">
            <subfield code="a">Universidad de Zaragoza</subfield>
            <subfield code="b"> </subfield>
            <subfield code="c"></subfield>
        </datafield>
        <datafield tag="856" ind1="0" ind2=" ">
            <subfield code="f">526685@celes.unizar.es</subfield>
        </datafield>
        <datafield tag="856" ind1="4" ind2=" ">
            <subfield code="s">395258</subfield>
            <subfield code="u">http://zaguan.unizar.es/record/14263/files/TAZ-TFG-2014-473.pdf</subfield>
            <subfield code="y">Memoria (spa)</subfield>
        </datafield>
        <datafield tag="909" ind1="C" ind2="O">
            <subfield code="o">oai:zaguan.unizar.es:14263</subfield>
            <subfield code="p">driver</subfield>
            <subfield code="p">trabajos-fin-grado</subfield>
        </datafield>
        <datafield tag="950" ind1=" " ind2=" ">
            <subfield code="a"></subfield>
        </datafield>
        <datafield tag="980" ind1=" " ind2=" ">
            <subfield code="a">TAZ</subfield>
            <subfield code="b">TFG</subfield>
            <subfield code="c">ENFTER</subfield>
        </datafield>
    </record>

    
</collection>